Statistics for Countries Where Neanderthals Lived

Click here to take the quiz!

General Stats

  • This quiz has been taken 389 times
    (385 since last reset)
  • The average score is 18 of 25

Answer Stats

Country% Correct
France
93%
Germany
93%
Spain
93%
United Kingdom
92%
Italy
91%
Russia
88%
Portugal
85%
Poland
81%
Belgium
80%
Turkey
80%
Netherlands
78%
Ukraine
76%
Czech Republic
70%
Slovakia
68%
Iran
64%
Slovenia
64%
Croatia
63%
Iraq
63%
Israel
59%
Syria
59%
Lebanon
51%
Kazakhstan
44%
Uzbekistan
42%
Afghanistan
40%
Turkmenistan
40%

Score Distribution

Percentile by Number Answered

Percent of People with Each Score

Your Score History

You have not taken this quiz since the last reset